Kryptosystém založený na teórii formálnych jazykov

Salvato in:
Dettagli Bibliografici
Autore principale: Gažová, Michaela (Autore)
Altri autori: Hromada, Viliam (Relatore della tesi)
Natura: Manoscritto Libro
Lingua:slovacco
Pubblicazione: 2018
Soggetti:
Accesso online:http://is.stuba.sk/zp/portal_zp.pl?podrobnosti=137377
Tags: Aggiungi Tag
Nessun Tag, puoi essere il primo ad aggiungerne!!

MARC

LEADER 00000ntm a22000003a 4500
001 stuzp66372
003 SK-STU
005 20181211093314.3
007 ta
008 150427s2015----xo-----f-mn---000-0-slo-d
040 |a STU  |b slo 
041 0 |a slo 
044 |a xo 
100 1 |a Gažová, Michaela  |u 035000  |4 aut  |U FEI Fakulta elektrotechniky a informatiky  |T FEI Ústav informatiky a matematiky  |X 72813  |U E050  |Y 816  |7 72813 
242 0 1 |a A Cryptosystem Based on Formal Language Theory  |y eng 
245 1 0 |a Kryptosystém založený na teórii formálnych jazykov 
260 |c 2018 
300 |a 50 s., príl., CD-ROM 
650 4 |a pushdown automata  |2 eng 
650 4 |a grammar generator  |2 eng 
650 4 |a finite automata  |2 eng 
650 4 |a cryptosystem  |2 eng 
650 4 |a language theory  |2 eng 
650 4 |a konečný automat  |2 slo 
650 4 |a zásobníkový automat  |2 slo 
650 4 |a generovanie gramatiky  |2 slo 
650 4 |a teória formálnych jazykov  |2 slo 
650 4 |a kryptosystém  |2 slo 
700 1 |a Hromada, Viliam  |u 035000  |k Z1  |4 ths  |U FEI Fakulta elektrotechniky a informatiky  |T FEI Ústav informatiky a matematiky  |X 36029  |U E050  |Y 816  |7 A000036029 
856 4 |u http://is.stuba.sk/zp/portal_zp.pl?podrobnosti=137377 
996 |b 284EP12084  |c E*DIPL- 12084  |l EE35  |s P  |a 0  |w stuzp66372_0001